[Event "TCh-POL Ekstraliga 2025"]
[Site "Chotowa POL"]
[Date "2025.06.05"]
[Round "4.1"]
[White "Navara, David"]
[Black "Tazbir, Marcin"]
[Result "1/2-1/2"]
[WhiteTitle "GM"]
[BlackTitle "GM"]
[WhiteElo "2657"]
[BlackElo "2504"]
[WhiteTeam "KSz HETMAN Katowice"]
[BlackTeam "LKS Wrzos Miedzyborow"]
[WhiteFideId "309095"]
[BlackFideId "1122452"]
[EventDate "2025.06.02"]

1. e4 e5 2. Nf3 Nc6 3. Bc4 Bc5 4. c3 Nf6 5. d3 d6 6. Bg5 h6 7. Bh4 g5 8. Bg3 Qe7
9. O-O a5 10. Nbd2 Ba7 11. a3 Bg4 12. h3 Be6 13. Bb5 O-O 14. d4 exd4 15. Bxc6
dxc3 16. Bxb7 Rab8 17. Bc6 cxd2 18. Qxd2 Nh5 19. Bh2 Bb6 20. h4 Bg4 21. e5 Bxf3
22. Bxf3 Nf4 23. exd6 Qxd6 24. Qxd6 cxd6 25. b4 axb4 26. axb4 Rfc8 27. Rad1 Ba7
28. Bxf4 gxf4 29. Rxd6 Rxb4 30. Rxh6 Rc2 31. Rf6 Kg7 32. Rf5 Rxf2 33. Rxf2 Rb1+
34. Kh2 Bxf2 35. Rxf4 Bc5 36. Rf5 Bd6+ 37. Kh3 Be7 38. g3 Bd6 39. Rd5 Bb8 40.
Bd1 Rc1 41. g4 Rc3+ 42. Kg2 Bg3 43. Rg5+ Kf6 44. Rf5+ Kg7 45. h5 f6 46. Bf3 Bb8
47. Rd5 Rc2+ 48. Kf1 Bf4 49. Rd7+ Kh6 50. Rf7 Be5 51. Be4 Rc7 52. Rf8 Kg7 53.
Re8 Bf4 54. Bd5 Bg5 55. Be6 Ra7 56. Kf2 Rc7 57. Rg8+ Kh7 58. Ra8 Kg7 59. Kf3 Kh7
60. Ke4 Kg7 61. Kd5 Be3 62. Rg8+ Kh7 63. Re8 Kg7 64. Bf5 Bf4 65. Re4 Bc1 66. Ra4
Be3 67. Kd6 Ra7 68. Rc4 Ra6+ 69. Ke7 Ra7+ 70. Bd7 Bg5 71. Rc5 Bd2 72. Rb5 Bc1
73. Rb6 Bg5 74. Ke6 Be3 75. Rc6 Bg5 76. Kd6 Bf4+ 77. Ke7 Bg5 78. Ke8 Bf4 79. Rc4
Bg5 80. Rc8 Bh4 81. Bf5 Bg5 82. Rc6 Bf4 83. Be4 Bg5 84. Rb6 Be3 85. Rb5 Bg5 86.
Bb7 Bf4 87. Kd7 Bg5 88. Kc8 Ra1 89. Rd5 Rc1+ 90. Kd8 Re1 91. Bc8 Kf8 92. Bf5 1/2-1/2

[Event "TCh-POL Ekstraliga 2025"]
[Site "Chotowa POL"]
[Date "2025.06.05"]
[Round "4.2"]
[White "Cyborowski, Lukasz"]
[Black "Dardha, Daniel"]
[Result "1/2-1/2"]
[WhiteTitle "GM"]
[BlackTitle "GM"]
[WhiteElo "2459"]
[BlackElo "2646"]
[WhiteTeam "LKS Wrzos Miedzyborow"]
[BlackTeam "KSz HETMAN Katowice"]
[WhiteFideId "1108760"]
[BlackFideId "240990"]
[EventDate "2025.06.02"]

1. Nf3 c5 2. c4 Nc6 3. Nc3 Nf6 4. g3 d6 5. Bg2 Bg4 6. h3 Bd7 7. O-O g6 8. e3 Bg7
9. d4 O-O 10. b3 cxd4 11. Nxd4 a6 12. Bb2 Rc8 13. Qe2 Re8 14. Nxc6 Bxc6 15. e4
Nd7 16. Nd5 Bxb2 17. Qxb2 b5 18. cxb5 axb5 19. Rfc1 Bxd5 20. Rxc8 Qxc8 21. exd5
b4 22. Qd2 Qb7 23. Rc1 Ra8 24. Rc4 Qa7 25. Rc2 Qb7 26. Rc4 Qa7 27. Rc2 Qb7 1/2-1/2

[Event "TCh-POL Ekstraliga 2025"]
[Site "Chotowa POL"]
[Date "2025.06.05"]
[Round "4.3"]
[White "Socko, Bartosz"]
[Black "Antoniewski, Rafal"]
[Result "1-0"]
[WhiteTitle "GM"]
[BlackTitle "GM"]
[WhiteElo "2575"]
[BlackElo "2441"]
[WhiteTeam "KSz HETMAN Katowice"]
[BlackTeam "LKS Wrzos Miedzyborow"]
[WhiteFideId "1107038"]
[BlackFideId "1111078"]
[EventDate "2025.06.02"]

1. e4 e5 2. Nf3 Nf6 3. Nxe5 d6 4. Nf3 Nxe4 5. d4 d5 6. Bd3 Bf5 7. O-O Be7 8. Re1
O-O 9. Nbd2 Nd6 10. Nf1 Bxd3 11. Qxd3 c6 12. Bf4 Na6 13. h4 f6 14. Re2 Rf7 15.
Rae1 Qd7 16. Ng3 Nc7 17. b3 Bf8 18. c4 dxc4 19. bxc4 Re8 20. Rxe8 Ndxe8 21. Qb3
b5 22. Rc1 Bd6 23. Ne2 Qe6 24. Be3 Re7 25. c5 1-0

[Event "TCh-POL Ekstraliga 2025"]
[Site "Chotowa POL"]
[Date "2025.06.05"]
[Round "4.4"]
[White "Nurkiewicz, Maciej"]
[Black "Klimkowski, Jan"]
[Result "1/2-1/2"]
[BlackTitle "GM"]
[WhiteElo "2327"]
[BlackElo "2508"]
[WhiteTeam "LKS Wrzos Miedzyborow"]
[BlackTeam "KSz HETMAN Katowice"]
[WhiteFideId "1107046"]
[BlackFideId "21856222"]
[EventDate "2025.06.02"]

1. d4 f5 2. c4 Nf6 3. Nc3 d6 4. Nf3 g6 5. g3 Bg7 6. Bg2 O-O 7. O-O c6 8. d5 e5
9. dxe6 Bxe6 10. Qd3 Re8 11. Ng5 Bc8 12. h4 Na6 13. Rd1 h6 14. Nh3 Be6 15. Nf4
Bf7 16. Qxd6 Qxd6 17. Rxd6 Kh7 18. Be3 Bxc4 19. Bd4 Rad8 20. Rxd8 Rxd8 21. Bxa7
Rd2 22. b3 Bf7 23. Rd1 Rxd1+ 24. Nxd1 Nb4 25. Nd3 Nxa2 26. Nc5 Nc1 27. Nxb7 Bxb3
28. Ne3 Ba4 29. Bf3 Bb5 30. Nd8 Ne4 31. h5 Bf6 32. Ne6 gxh5 33. Nxf5 Nxe2+ 34.
Kg2 Ng5 1/2-1/2

[Event "TCh-POL Ekstraliga 2025"]
[Site "Chotowa POL"]
[Date "2025.06.05"]
[Round "4.5"]
[White "Seemann, Jakub"]
[Black "Bartel, Michal"]
[Result "1-0"]
[WhiteTitle "IM"]
[BlackTitle "FM"]
[WhiteElo "2450"]
[BlackElo "2248"]
[WhiteTeam "KSz HETMAN Katowice"]
[BlackTeam "LKS Wrzos Miedzyborow"]
[WhiteFideId "21874697"]
[BlackFideId "1119257"]
[EventDate "2025.06.02"]

1. d4 d5 2. c4 dxc4 3. e4 e5 4. Nf3 exd4 5. Bxc4 Bb4+ 6. Nbd2 Nd7 7. Bxf7+ Kxf7
8. Qb3+ Kf8 9. Qxb4+ c5 10. Qc4 Qe7 11. b4 Ngf6 12. bxc5 Nxe4 13. O-O Nexc5 14.
Ba3 b6 15. Rfe1 Qf7 16. Qxd4 Bb7 17. Ng5 Qd5 18. Ne6+ Kg8 19. Qxg7# 1-0

[Event "TCh-POL Ekstraliga 2025"]
[Site "Chotowa POL"]
[Date "2025.06.05"]
[Round "4.6"]
[White "Kulon, Klaudia"]
[Black "Socko, Monika"]
[Result "1/2-1/2"]
[WhiteTitle "IM"]
[BlackTitle "GM"]
[WhiteElo "2407"]
[BlackElo "2369"]
[WhiteTeam "LKS Wrzos Miedzyborow"]
[BlackTeam "KSz HETMAN Katowice"]
[WhiteFideId "1131044"]
[BlackFideId "1106619"]
[EventDate "2025.06.02"]

1. e4 c6 2. Nc3 d5 3. Nf3 Bg4 4. h3 Bxf3 5. Qxf3 Nf6 6. Be2 e5 7. exd5 cxd5 8.
Bb5+ Nc6 9. O-O Be7 10. Re1 e4 11. Qe2 O-O 12. Bxc6 bxc6 13. d3 Bb4 14. Bg5 Re8
15. dxe4 Bxc3 16. bxc3 Rxe4 17. Qf3 Qe8 18. Kf1 Rxe1+ 19. Rxe1 Ne4 20. c4 Qc8
21. Bf4 Qa6 22. Qe2 Qxa2 23. cxd5 cxd5 24. c4 Qa4 25. cxd5 Nf6 26. Be5 Re8 27.
Qd3 Qa5 28. Ra1 Qxd5 1/2-1/2

[Event "TCh-POL Ekstraliga 2025"]
[Site "Chotowa POL"]
[Date "2025.06.05"]
[Round "4.1"]
[White "Bluebaum, Matthias"]
[Black "Samunenkov, Ihor"]
[Result "1-0"]
[WhiteTitle "GM"]
[BlackTitle "GM"]
[WhiteElo "2663"]
[BlackElo "2562"]
[WhiteTeam "KSz Silesia Raciborz"]
[BlackTeam "KSz Stilon Gorzow Wlkp."]
[WhiteFideId "24651516"]
[BlackFideId "14187086"]
[EventDate "2025.06.02"]

1. d4 d5 2. c4 c6 3. Nf3 Nf6 4. e3 e6 5. Bd3 Nbd7 6. O-O Be7 7. Nc3 O-O 8. b3 b6
9. Bb2 Bb7 10. Qe2 c5 11. cxd5 Nxd5 12. Nxd5 Bxd5 13. Rfd1 Nf6 14. dxc5 Bxc5 15.
Ng5 g6 16. Bc4 h6 17. Bxd5 Nxd5 18. Ne4 Be7 19. Qf3 Rc8 20. Nc3 Bf6 21. Rac1
Bxc3 22. Bxc3 Qg5 23. Ba1 Qf5 24. Qe2 Rxc1 25. Rxc1 e5 26. Qc4 Nf6 27. f3 Re8
28. h3 Qg5 29. f4 Qg3 30. Qe2 Nd5 31. Bxe5 f6 32. Bd4 Qxf4 33. Rc8 Qe4 34. Qc4
Kf7 35. Rc7+ Kf8 36. Rxa7 Qe6 37. Qd3 Qe4 38. Qxe4 Rxe4 39. Rd7 Nxe3 40. Bxb6
Nf5 41. a4 Re1+ 42. Kf2 Rb1 43. Rd3 Rb2+ 44. Kg1 h5 45. a5 h4 46. a6 Ra2 47. a7
Ke7 48. Rd5 1-0

[Event "TCh-POL Ekstraliga 2025"]
[Site "Chotowa POL"]
[Date "2025.06.05"]
[Round "4.2"]
[White "Janik, Igor"]
[Black "Kozak, Adam"]
[Result "1/2-1/2"]
[WhiteTitle "GM"]
[BlackTitle "GM"]
[WhiteElo "2520"]
[BlackElo "2587"]
[WhiteTeam "KSz Stilon Gorzow Wlkp."]
[BlackTeam "KSz Silesia Raciborz"]
[WhiteFideId "1159259"]
[BlackFideId "753246"]
[EventDate "2025.06.02"]

1. Nf3 d5 2. c4 e6 3. g3 d4 4. Bg2 c5 5. O-O Ne7 6. e3 Nec6 7. d3 Be7 8. exd4
cxd4 9. Re1 O-O 10. Ne5 Nxe5 11. Rxe5 Qc7 12. Re1 e5 13. f4 Bd6 14. fxe5 Bxe5
15. Nd2 Nc6 16. a3 a5 17. Qh5 g6 18. Qh4 Bf5 19. Ne4 f6 20. Bh6 1/2-1/2

[Event "TCh-POL Ekstraliga 2025"]
[Site "Chotowa POL"]
[Date "2025.06.05"]
[Round "4.3"]
[White "Baum, Jonasz"]
[Black "Krasenkow, Michal"]
[Result "1-0"]
[WhiteTitle "IM"]
[BlackTitle "GM"]
[WhiteElo "2479"]
[BlackElo "2520"]
[WhiteTeam "KSz Silesia Raciborz"]
[BlackTeam "KSz Stilon Gorzow Wlkp."]
[WhiteFideId "1195360"]
[BlackFideId "1113100"]
[EventDate "2025.06.02"]

1. d4 d5 2. c4 e6 3. Nf3 c6 4. Bg5 Be7 5. Bxe7 Qxe7 6. e3 Nf6 7. Nc3 O-O 8. Qc2
Nbd7 9. cxd5 exd5 10. Bd3 Re8 11. O-O Ne4 12. b4 Nb6 13. b5 cxb5 14. Bxb5 Bd7
15. Bxd7 Qxd7 16. Nxe4 dxe4 17. Nd2 Rac8 18. Qb1 f5 19. Qb3+ Kh8 20. Rac1 Re6
21. Rxc8+ Qxc8 22. Qa3 Qb8 23. Rc1 h6 24. Qa5 Rf6 25. Rc5 g6 26. h4 h5 27. g3
Rf7 28. Nc4 Nxc4 29. Rxc4 b6 30. Qd5 Kg7 31. Rc6 Re7 32. g4 fxg4 33. Qg5 Qe8 34.
Rxg6+ Qxg6 35. Qxe7+ Qf7 36. Qxe4 Qxa2 37. Qe5+ Kf8 38. d5 Qb1+ 39. Kg2 a5 40.
d6 Qh7 41. Qe6 Qf7 42. Qc8+ Kg7 43. Qc7 Kg6 44. d7 Qf3+ 45. Kg1 Qd1+ 46. Kh2 Qd2
47. Kg3 Qd5 48. e4 Qd3+ 49. Kf4 1-0

[Event "TCh-POL Ekstraliga 2025"]
[Site "Chotowa POL"]
[Date "2025.06.05"]
[Round "4.4"]
[White "Dzida, Kamil"]
[Black "Szpar, Milosz"]
[Result "1/2-1/2"]
[WhiteTitle "IM"]
[BlackTitle "IM"]
[WhiteElo "2411"]
[BlackElo "2495"]
[WhiteTeam "KSz Stilon Gorzow Wlkp."]
[BlackTeam "KSz Silesia Raciborz"]
[WhiteFideId "21828652"]
[BlackFideId "1184989"]
[EventDate "2025.06.02"]

1. e4 e6 2. d4 d5 3. Nd2 c5 4. Ngf3 Nc6 5. exd5 exd5 6. Bb5 Bd6 7. dxc5 Bxc5 8.
O-O Ne7 9. Nb3 Bd6 10. c3 Bg4 11. Nbd4 O-O 12. Qa4 Qd7 13. Re1 a6 14. Bxc6 Nxc6
15. Nxc6 bxc6 16. Ne5 Rfe8 17. Bf4 Bxe5 18. Bxe5 c5 19. Qxd7 Bxd7 20. Bd6 c4 21.
f3 Ba4 22. Kf2 f6 23. Rxe8+ Rxe8 24. Re1 Rxe1 25. Kxe1 Bc2 26. Kd2 Bb1 27. a4
Kf7 28. Ke3 Ke6 29. Bf8 a5 30. Bxg7 Bc2 31. Bf8 Bxa4 32. Bc5 Bc2 33. g4 a4 34.
f4 f5 35. g5 Bd1 36. Kd4 Bh5 37. Ba7 Be8 38. Bb8 Bh5 39. Be5 Bf3 40. Kc5 Be2 41.
Bd4 Bf3 42. Kb6 Be2 43. Kc7 Bf3 44. Kd8 Bh5 45. h4 Bf7 46. Kc7 1/2-1/2

[Event "TCh-POL Ekstraliga 2025"]
[Site "Chotowa POL"]
[Date "2025.06.05"]
[Round "4.5"]
[White "Jakubowski, Krzysztof"]
[Black "Koziorowicz, Michal"]
[Result "1/2-1/2"]
[WhiteTitle "GM"]
[BlackTitle "FM"]
[WhiteElo "2448"]
[BlackElo "2294"]
[WhiteTeam "KSz Silesia Raciborz"]
[BlackTeam "KSz Stilon Gorzow Wlkp."]
[WhiteFideId "1112848"]
[BlackFideId "21809194"]
[EventDate "2025.06.02"]

1. Nf3 e6 2. g3 b5 3. e4 Bb7 4. Qe2 Be7 5. Bg2 a6 6. O-O c5 7. a4 b4 8. d4 cxd4
9. Nxd4 Nc6 10. Be3 Qc7 11. c4 Nxd4 12. Bxd4 e5 13. Be3 Nf6 14. Nd2 d6 15. b3
O-O 16. Rfe1 Nd7 17. Nf1 a5 18. Qc2 Rad8 19. Rad1 1/2-1/2

[Event "TCh-POL Ekstraliga 2025"]
[Site "Chotowa POL"]
[Date "2025.06.05"]
[Round "4.6"]
[White "Siekanska, Maria"]
[Black "Narva, Mai"]
[Result "1-0"]
[WhiteTitle "WFM"]
[BlackTitle "IM"]
[WhiteElo "2137"]
[BlackElo "2391"]
[WhiteTeam "KSz Stilon Gorzow Wlkp."]
[BlackTeam "KSz Silesia Raciborz"]
[WhiteFideId "21852650"]
[BlackFideId "4500512"]
[EventDate "2025.06.02"]

1. d4 Nf6 2. c4 e6 3. Nc3 Bb4 4. Qc2 d5 5. cxd5 exd5 6. Bg5 h6 7. Bh4 Nc6 8. e3
g5 9. Bg3 h5 10. Bb5 Bd7 11. Bxc6 Bxc6 12. Be5 Rg8 13. Ne2 Qe7 14. h4 Ne4 15.
hxg5 Qxg5 16. Ng3 Nxg3 17. Bxg3 O-O-O 18. O-O-O Qg6 19. Ne2 Qxc2+ 20. Kxc2 Ba4+
21. b3 Bd7 22. Nf4 Bg4 23. Rdf1 Rd6 24. Kb2 Bd2 25. a3 Bf5 26. Rd1 Bxe3 27. Nxh5
Rh6 28. fxe3 Rxh5 29. Rxh5 Bg4 30. Rc1 Bxh5 31. Rxc7+ Kd8 32. Bf4 Rxg2+ 33. Kc3
a5 34. Rc5 Bf3 35. Rxa5 Be4 36. Ra8+ Kd7 37. Rb8 Rc2+ 38. Kb4 Kc6 39. Rd8 Kb6
40. a4 Rc6 41. a5+ Ka7 42. Bb8+ Ka6 43. Bc7 b6 44. axb6 Rc1 45. Ra8+ Kb7 46.
Ra7+ Kc6 47. Bd8 Rb1 48. Kc3 1-0

[Event "TCh-POL Ekstraliga 2025"]
[Site "Chotowa POL"]
[Date "2025.06.05"]
[Round "4.1"]
[White "Heberla, Bartlomiej"]
[Black "Maurizzi, Marc'Andria"]
[Result "1/2-1/2"]
[WhiteTitle "GM"]
[BlackTitle "GM"]
[WhiteElo "2509"]
[BlackElo "2607"]
[WhiteTeam "KS LAURA Chylice"]
[BlackTeam "SzSON ZAGLEBIE Dabrowa Gornicza"]
[WhiteFideId "1115120"]
[BlackFideId "36083534"]
[EventDate "2025.06.02"]

1. d4 d5 2. c4 e6 3. Nc3 Nf6 4. cxd5 exd5 5. Bg5 c6 6. e3 Bd6 7. Bd3 O-O 8. Nge2
Re8 9. Qc2 h6 10. Bh4 a5 11. h3 Na6 12. a3 Nc7 13. O-O Ne6 14. Rad1 Bd7 15. e4
dxe4 16. Nxe4 Be7 17. Bxf6 Bxf6 18. Nd6 Rf8 19. Bc4 Qc7 20. Ne4 Bh4 21. f4 Rae8
22. f5 Ng5 23. Nxg5 Bxg5 24. f6 gxf6 25. Rf3 Kh8 26. Ba2 Re3 27. Rxe3 Bxe3+ 28.
Kh1 Qd6 29. Qd3 Bg5 30. Ng3 f5 31. Nxf5 Qg6 32. Rf1 Re8 33. Qf3 Bxf5 34. Qxf5
Qxf5 35. Rxf5 Re2 36. Bxf7 Rxb2 37. d5 cxd5 38. Bxd5 b5 39. g3 Be7 40. Bc6 b4
41. axb4 axb4 42. Rb5 Bd6 43. g4 Rh2+ 44. Kg1 Rxh3 45. Rh5 Rd3 46. Rd5 Rxd5 1/2-1/2

[Event "TCh-POL Ekstraliga 2025"]
[Site "Chotowa POL"]
[Date "2025.06.05"]
[Round "4.2"]
[White "Boyer, Mahel"]
[Black "Noe, Christopher"]
[Result "1/2-1/2"]
[WhiteTitle "GM"]
[BlackTitle "IM"]
[WhiteElo "2523"]
[BlackElo "2502"]
[WhiteTeam "SzSON ZAGLEBIE Dabrowa Gornicza"]
[BlackTeam "KS LAURA Chylice"]
[WhiteFideId "45102422"]
[BlackFideId "24692018"]
[EventDate "2025.06.02"]

1. e4 c6 2. d4 d5 3. e5 c5 4. c3 Nc6 5. Bb5 e6 6. Nf3 Bd7 7. Ba4 cxd4 8. cxd4
Nb4 9. Nc3 Bxa4 10. Qxa4+ Qd7 11. Qd1 Ne7 12. O-O Nbc6 13. Ne2 Ng6 14. h4 h5 15.
g3 Nge7 16. Qd3 Nf5 17. Bd2 Be7 18. a4 Rc8 19. Rfb1 Nb4 20. Qb3 Nc2 21. Ra2 Rc4
22. Bc3 Nb4 23. Raa1 a5 24. Kg2 g6 25. Rc1 O-O 26. Rh1 Kg7 27. Nf4 Rh8 28. Qd1
b6 29. Qe2 Nc6 30. Qd2 Bb4 31. Ne2 Qb7 32. Qf4 Qa6 33. g4 hxg4 34. Qxg4 Kf8 35.
h5 Rg8 36. h6 Rh8 37. h7 Be7 38. b3 Rxa4 39. bxa4 Qxe2 40. Qf4 Qe4 41. Bd2 g5
42. Qxe4 dxe4 43. Nxg5 e3 44. Bxe3 Nxe3+ 45. fxe3 Bxg5 46. Kf3 Bd8 47. Ke4 Ne7
48. Rac1 Ke8 49. Rcg1 Ng6 50. Rg2 Kf8 51. Rc2 Ne7 52. Rg2 Ng6 53. Rc2 Kg7 54.
Rc8 Be7 55. Rc6 Rb8 56. Rc7 Bb4 57. Rg1 Rf8 58. d5 exd5+ 59. Kf5 Kh8 60. Kf6 Ba3
61. e6 Bb2+ 62. Kf5 Nh4+ 63. Kg4 Ng6 64. Kf5 Nh4+ 65. Kg4 Ng6 66. Kh5 Bg7 67.
Rxf7 Rxf7 68. exf7 Nf8 69. Rd1 Nxh7 70. Kg6 Nf8+ 71. Kf5 Bc3 72. Rxd5 Kg7 73.
Rd6 Kxf7 74. Rxb6 Nd7 75. Rb7 Ke7 76. e4 Kd6 77. Rb5 Nc5 78. e5+ Bxe5 79. Rxa5
Bc3 1/2-1/2

[Event "TCh-POL Ekstraliga 2025"]
[Site "Chotowa POL"]
[Date "2025.06.05"]
[Round "4.3"]
[White "Kowalski, Igor"]
[Black "Cieslak, Patryk"]
[Result "1/2-1/2"]
[WhiteTitle "IM"]
[BlackTitle "FM"]
[WhiteElo "2406"]
[BlackElo "2442"]
[WhiteTeam "KS LAURA Chylice"]
[BlackTeam "SzSON ZAGLEBIE Dabrowa Gornicza"]
[WhiteFideId "1172468"]
[BlackFideId "21078882"]
[EventDate "2025.06.02"]

1. d4 d5 2. c4 e6 3. Nc3 Nf6 4. Nf3 Bb4 5. Bg5 h6 6. Bxf6 Qxf6 7. e3 O-O 8. Rc1
Nc6 9. a3 Bxc3+ 10. Rxc3 dxc4 11. Bxc4 e5 12. dxe5 Nxe5 13. Nxe5 Qxe5 14. O-O
Bf5 1/2-1/2

[Event "TCh-POL Ekstraliga 2025"]
[Site "Chotowa POL"]
[Date "2025.06.05"]
[Round "4.4"]
[White "Olsen, Filip Boe"]
[Black "Kokoszczynski, Jan"]
[Result "1-0"]
[WhiteTitle "IM"]
[BlackTitle "FM"]
[WhiteElo "2449"]
[BlackElo "2307"]
[WhiteTeam "SzSON ZAGLEBIE Dabrowa Gornicza"]
[BlackTeam "KS LAURA Chylice"]
[WhiteFideId "1440640"]
[BlackFideId "1174460"]
[EventDate "2025.06.02"]

1. Nf3 Nf6 2. c4 g6 3. Nc3 Bg7 4. d4 O-O 5. e4 d6 6. h3 Nbd7 7. Be3 e5 8. d5 Nc5
9. Nd2 a5 10. a3 Bd7 11. b4 Ncxe4 12. Ndxe4 Nxe4 13. Nxe4 f5 14. Nc3 f4 15. Bd2
e4 16. Nxe4 Qh4 17. Bd3 Rae8 18. Ra2 Bf5 19. Qe2 Rxe4 20. Bxe4 Re8 21. O-O Rxe4
22. Qf3 Be5 23. Bc3 Rxc4 24. Bxe5 dxe5 25. d6 c6 26. Rd2 e4 27. Qb3 b5 28. d7
Qd8 29. bxa5 Be6 30. a6 Bf7 31. a7 1-0

[Event "TCh-POL Ekstraliga 2025"]
[Site "Chotowa POL"]
[Date "2025.06.05"]
[Round "4.5"]
[White "Chylewski, Patryk"]
[Black "Poltorak, Sebastian"]
[Result "1/2-1/2"]
[WhiteTitle "IM"]
[BlackTitle "FM"]
[WhiteElo "2313"]
[BlackElo "2410"]
[WhiteTeam "KS LAURA Chylice"]
[BlackTeam "SzSON ZAGLEBIE Dabrowa Gornicza"]
[WhiteFideId "1186191"]
[BlackFideId "1199498"]
[EventDate "2025.06.02"]

1. c4 Nf6 2. Nf3 c5 3. Nc3 d5 4. cxd5 Nxd5 5. d4 Nxc3 6. bxc3 g6 7. e3 Qa5 8.
Bd2 Bg7 9. Bd3 O-O 10. O-O Rd8 11. Qb3 Qc7 12. Ng5 e6 13. Rfd1 Nc6 14. Ne4 b6
15. Be1 Na5 16. Qa4 Bd7 17. Qc2 f5 18. Nd2 e5 19. dxe5 Bxe5 20. Nf3 Bf6 21. Rac1
Be6 22. c4 Nc6 23. Be2 Rxd1 24. Rxd1 Rd8 25. Rxd8+ Qxd8 26. Bc3 Kf7 27. Qb2 Bxc3
28. Qxc3 Qf6 29. Qxf6+ Kxf6 30. a3 Na5 31. Nd2 a6 32. f4 Ke7 33. Kf2 Bd7 34. e4
fxe4 35. Nxe4 Nb3 36. Nc3 Kd6 37. Ne4+ Ke7 38. Nc3 Bc6 39. g4 Nd4 40. Bd3 b5 41.
cxb5 Nxb5 1/2-1/2

[Event "TCh-POL Ekstraliga 2025"]
[Site "Chotowa POL"]
[Date "2025.06.05"]
[Round "4.6"]
[White "Kubicka, Anna"]
[Black "Barchuk, Irina"]
[Result "1/2-1/2"]
[WhiteTitle "WIM"]
[BlackTitle "WFM"]
[WhiteElo "2227"]
[BlackElo "2076"]
[WhiteTeam "SzSON ZAGLEBIE Dabrowa Gornicza"]
[BlackTeam "KS LAURA Chylice"]
[WhiteFideId "1152254"]
[BlackFideId "14119005"]
[EventDate "2025.06.02"]

1. e4 c5 2. Nf3 d6 3. Bb5+ Bd7 4. Bxd7+ Qxd7 5. O-O Nc6 6. Re1 Nf6 7. c3 e6 8.
d4 h6 9. d5 Ne5 10. Nxe5 dxe5 11. c4 Bd6 12. Nc3 O-O 13. Qd3 Bc7 14. Be3 Ba5 15.
Bxc5 Bxc3 16. Qxc3 Rfc8 17. Qa3 b6 18. Bd6 Rxc4 19. Bxe5 Ng4 20. Qg3 Nxe5 21.
Qxe5 exd5 22. exd5 Rd8 23. Rad1 Rc5 24. g3 Rxd5 25. Rxd5 Qxd5 26. Qxd5 Rxd5 27.
Re8+ Kh7 28. Re7 Ra5 29. a3 Kg6 30. Rc7 Rb5 31. b4 a5 32. Rc4 Kf5 33. Kf1 h5 34.
h4 g6 35. Ke2 axb4 36. axb4 Re5+ 37. Kd3 Rd5+ 38. Kc3 b5 39. Rf4+ Ke6 40. Re4+
Kf5 41. Rf4+ Ke6 42. Re4+ 1/2-1/2

[Event "TCh-POL Ekstraliga 2025"]
[Site "Chotowa POL"]
[Date "2025.06.06"]
[Round "5.1"]
[White "Malek, Jan"]
[Black "Heberla, Bartlomiej"]
[Result "0-1"]
[WhiteTitle "GM"]
[BlackTitle "GM"]
[WhiteElo "2505"]
[BlackElo "2509"]
[WhiteTeam "KSz Polonia Wroclaw"]
[BlackTeam "KS LAURA Chylice"]
[WhiteFideId "21864080"]
[BlackFideId "1115120"]
[EventDate "2025.06.02"]

1. e4 c5 2. Nf3 d6 3. d4 cxd4 4. Nxd4 e5 5. Bb5+ Nd7 6. Nf5 a6 7. Bc4 Nc5 8. Nc3
Be6 9. Qe2 g6 10. Ne3 Nf6 11. Ned5 Ncxe4 12. Nxe4 Nxd5 13. O-O Be7 14. Rd1 Nf6
15. Bxe6 fxe6 16. Ng5 h6 17. Ne4 Qc7 18. Nxf6+ Bxf6 19. Qd3 d5 20. Qxg6+ Qf7 21.
Qxf7+ Kxf7 22. f4 e4 23. c3 b5 24. a3 a5 25. Be3 b4 26. axb4 axb4 27. cxb4 Rxa1
28. Rxa1 d4 29. Kf2 Rc8 30. Bc1 Rc2+ 31. Kf1 e3 32. b5 Bh4 33. g3 Be7 34. b6 Bb4
35. Bxe3 dxe3 36. b7 e2+ 37. Kg1 Bc5+ 38. Kh1 Rxb2 39. Re1 Ba7 40. Kg2 Kf6 41.
Kf3 Rb3+ 42. Kg2 Rb2 43. Kf3 Rxb7 44. Rxe2 Rb3+ 45. Kg4 Rb5 46. Ra2 Bg1 47. Re2
Bb6 48. Rd2 Rd5 49. Rb2 Bd8 50. Re2 h5+ 51. Kf3 Rb5 52. Kg2 Kf5 53. Kf3 Rb3+ 54.
Kg2 Bf6 55. Kh3 Rb2 56. Rxb2 Bxb2 57. Kh4 Bd4 58. Kxh5 Bg1 59. Kh4 Bxh2 0-1

[Event "TCh-POL Ekstraliga 2025"]
[Site "Chotowa POL"]
[Date "2025.06.06"]
[Round "5.2"]
[White "Noe, Christopher"]
[Black "Bartel, Mateusz"]
[Result "1/2-1/2"]
[WhiteTitle "IM"]
[BlackTitle "GM"]
[WhiteElo "2502"]
[BlackElo "2579"]
[WhiteTeam "KS LAURA Chylice"]
[BlackTeam "KSz Polonia Wroclaw"]
[WhiteFideId "24692018"]
[BlackFideId "1112635"]
[EventDate "2025.06.02"]

1. Nf3 e6 2. g3 b5 3. Bg2 Bb7 4. O-O Nf6 5. b3 b4 6. c4 bxc3 7. Nxc3 Be7 8. d4
O-O 9. Bb2 a5 10. Ne5 Bxg2 11. Kxg2 Qc8 12. e3 Qb7+ 13. Qf3 Nd5 14. Rab1 f5 15.
Rfc1 c6 16. Nxd5 cxd5 17. Qe2 Nc6 18. Nxc6 dxc6 19. Bc3 Rfc8 20. Kg1 Ba3 21. Bb2
Bd6 22. Bc3 Qa6 23. Kf1 Rcb8 24. Qxa6 Rxa6 25. Ke2 Kf7 26. Kd3 Ke7 27. h3 h5 28.
h4 Kd7 29. Rd1 g6 30. Rdc1 Ba3 31. Bb2 Be7 32. Bc3 Bd6 33. Rd1 Rb7 34. Rdc1 Ba3
35. Bb2 Be7 36. Bc3 Bd6 37. Rd1 Rb5 38. Rdc1 Ra8 39. Rd1 Rab8 40. Kc2 Ba3 41.
Bb2 Be7 42. Bc3 Ra8 43. Kd3 Ba3 44. Bb2 Bd6 45. Bc3 Kc7 46. Rdc1 Kb7 47. Rd1 Ka6
48. Rdc1 Rab8 49. Ra1 Ba3 50. Rc2 R8b6 51. Rd1 Kb7 52. Bb2 Bd6 53. Bc3 Ra6 54.
Rb2 Ba3 55. Rbb1 a4 56. Kc2 Kc7 57. Kd3 axb3 58. Rxb3 Bd6 59. Rxb5 cxb5 60. Ra1
Kb7 61. Kc2 Rc6 62. Kb3 e5 63. a4 bxa4+ 64. Rxa4 e4 65. Bb4 Bc7 66. Ba5 Bd6 67.
Bb4 Bc7 68. Ba5 Bd6 1/2-1/2

[Event "TCh-POL Ekstraliga 2025"]
[Site "Chotowa POL"]
[Date "2025.06.06"]
[Round "5.3"]
[White "Gumularz, Szymon"]
[Black "Kowalski, Igor"]
[Result "1-0"]
[WhiteTitle "GM"]
[BlackTitle "IM"]
[WhiteElo "2605"]
[BlackElo "2406"]
[WhiteTeam "KSz Polonia Wroclaw"]
[BlackTeam "KS LAURA Chylice"]
[WhiteFideId "1188062"]
[BlackFideId "1172468"]
[EventDate "2025.06.02"]

1. d4 Nf6 2. c4 e6 3. Nc3 Bb4 4. Nf3 O-O 5. Bg5 d6 6. Qc2 Nbd7 7. e3 b6 8. Bd3
h6 9. Bh4 Bb7 10. Nd2 Bxg2 11. Rg1 Bb7 12. O-O-O d5 13. cxd5 exd5 14. e4 dxe4
15. Ndxe4 Be7 16. Qd2 Nxe4 17. Nxe4 Bxe4 18. Bxe4 Kh8 19. Rxg7 Kxg7 20. Bxe7
Qxe7 21. Rg1+ 1-0